logo

Bir Sreshtho Munshi Abdur Rouf Library
Jhenaidah Cadet College

Matrices / (Record no. 5360)

MARC details
000 -LEADER
fixed length control field 00531nam a2200217 a 4500
001 - CONTROL NUMBER
JCCL Control Number 5360
003 - CONTROL NUMBER IDENTIFIER
JCCL marc code BD-JhCC
005 - DATE AND TIME OF LATEST TRANSACTION
control field 20171213163518.0
008 - FIXED-LENGTH DATA ELEMENTS--GENERAL INFORMATION
fixed length control field 171213s1997 in l|||| |||| 000 0 eng d
035 ## - SYSTEM CONTROL NUMBER
system control number (BD-JhCC)5360
040 ## - CATALOGING SOURCE
Original cataloging agency BD-JhCC
Modifying agency BD-JhCC
041 ## - LANGUAGE CODE
Language code of Book eng
082 ## - DEWEY DECIMAL CLASSIFICATION NUMBER
Classification number 512.9434
Author mark and Year KHA 1997
100 ## - MAIN ENTRY--PERSONAL NAME
Personal name Khanna, M.L.
245 ## - TITLE STATEMENT
Title Matrices /
Statement of responsibility, etc M.L. Khanna
260 ## - PUBLICATION, DISTRIBUTION, ETC. (IMPRINT)
Place of publication, distribution, etc Meerut :
Name of publisher, distributor, etc Jai Prakash nath and co,
Date of publication, distribution, etc 1997.
300 ## - PHYSICAL DESCRIPTION
Pagination 427 p. :
Other physical details ill. ;
Dimensions 21 cm.
650 ## - SUBJECT ADDED ENTRY--TOPICAL TERM
Topical term or geographic name as entry element Matrices
942 ## - ADDED ENTRY ELEMENTS (KOHA)
Source of classification or shelving scheme Dewey Decimal Classification
Koha item type Books
Holdings
Source of classification or shelving scheme Damaged status Not for loan Home library Current library Shelving location Date of accession Cost, normal purchase price Total Checkouts Full call number Barcode Date last seen Copy number Koha item type
Dewey Decimal Classification     JCC Rouf Library JCC Rouf Library Reference 12/13/2017 65.00   512.9434 KHA 1997 7371 12/13/2017 C - 1 Books

JCC Library | Contacts | JCC Home

Last Update on 23 September 2017
Copyright @ 2017-2020 JCC Rouf Library
Rouf Library, Jhenidah Cadet College (JCC), Bangladesh